| 000 | 00522nam a22001577a 4500 | ||
|---|---|---|---|
| 003 | OSt | ||
| 005 | 20260210054915.0 | ||
| 008 | 260210b |||||||| |||| 00| 0 eng d | ||
| 040 |
_aDWC-Main lib _cOC |
||
| 082 | _aCirc. 232 R248w 2005 | ||
| 100 | _aRausch, Thomas P. | ||
| 245 |
_bWho is Jesus? : _aan introduction to christianology _cThomas P. Rausch |
||
| 260 |
_aQuezon City, Philippines : _bClaretin Publication, _cc2005. |
||
| 650 | _a1. Quezon City, Philippines : Claretin Publication | ||
| 942 |
_2ddc _cBK-CIRC _kCirc. _n0 |
||
| 999 |
_c8339 _d8339 |
||